000
00265nam a2200097Ia 4500
001
1300512
005
20260420095905.0
008
260420s9999 xx 000 0 und d
245
0
_a
KÜL KEDİSİ SİNDİRELLA
_c
ŞEBNEM GÜVENÇER
260
_b
TİMAŞ ÇOCUK YAYINLARI
999
_c
1300512
_d
1300512